Buongiorno Professore! (Record n. 359465)

Dettagli MARC
000 -LEADER
campo di controllo lung. fissa 01249nam a22002057a 4500
003 - Identificatore del numero di controllo
campo di controllo IT-MiCISF
005 - Data e orario dell'ultima transazione
campo di controllo 20220905135642.0
008 - Elementi di lunghezza fissa--Informazione generale
campo di controllo lung. fissa 220905b ||||| |||| 00| 0 eng d
040 ## - Fonte della catalogazione
Agenzia che fa la trascrizione IT-MiCISF
041 ## - Codice di lingua
Codice di lingua del testo/traccia sonora o titolo separato IT
100 ## - Accesso principale -- nome di persona
Nome di persona Monda Andrea
9 (RLIN) 59125
245 ## - Formulazione del titolo
Titolo Buongiorno Professore!
260 ## - Pubblicazione, distribuzione, ecc. (stampa)
Luogo di pubblicazione, distribuzione, ecc. Torino
Nome dell'editore, distributore, ecc. Elledici
Data di pubblicazione, distribuzione, ecc. 2017
300 ## - Descrizione fisica
Estensione pp. 212
500 ## - Nota generale
Nota generale educazione, scuola, religione, esperienze
520 ## - Riassunto, ecc.
Nota di riassunto, ecc. Cosa accade a scuola durante l'ora di religione? Domanda difficile, anche se tutti sanno che questa è l'ora diversa da tutte le altre, l'unica facoltativa e affidata alla libera scelta degli studenti. Questo libro, raccontando l'esperienza del programma televisivo "Buongiorno professore!" (34 puntate andate in onda su TV2000), entra fra le pareti scolastiche per cercare di carpire il segreto di quell'unica ora settimanale che però può incidere, forse più delle altre, sulla vita quotidiana dei giovani. Da un docu-reality televisivo, uno "spaccato" di vita scolastica e la fotografia realistica di una disciplina che offre agli insegnanti e agli studenti infinite possibilità di dialogo, discussione e crescita personale e di gruppo.
650 ## - Accesso aggiunto di soggetto--termine topico
Termine topico o nome geografico come accesso educazione
9 (RLIN) 56062
654 ## - Accesso aggiunto di soggetto--termini topici faccettati
Termine principale testimonianza
942 ## - Dati aggiuntivi (Koha)
Fonte della classificazione o dello schema di collocazione (segnatura) Dewey Decimal Classification
Tipo copia default (Koha) LIBRO
Dati di copia
Ritirato (status) Perso (status) Fonte della classificazione o dello schema di collocazione (segnatura) Danneggiato (status) Non per il presito Biblioteca proprietaria Biblioteca in cui si trova Data d'acquisizione Totale prestiti Collocazione Codice a barre Data ultima operazione Prezzo in vigore dal Tipo copia default (Koha)
    Dewey Decimal Classification Buone Condizioni Not For Loan CISF - Milano CISF - Milano 02/11/2022   B7710 9788801063660 02/11/2022 02/11/2022 LIBRO
CREDITS: SOCIETA' SAN PAOLO Via A.Severo, 58 - ROMA (RM) & PERIODICI SAN PAOLO SRL Via Giotto, 36 MILANO & CISF Via Giotto, 36 MILANO & EDIZIONI SAN PAOLO SRL,  Piazza Soncino, 5 CINISELLO BALSAMO (MI) -- ITALY